<?xml version="1.0" encoding="UTF-8"?>
<record
    xmlns:xsi="http://www.w3.org/2001/XMLSchema-instance"
    xsi:schemaLocation="http://www.loc.gov/MARC21/slim http://www.loc.gov/standards/marcxml/schema/MARC21slim.xsd"
    xmlns="http://www.loc.gov/MARC21/slim">

  <leader>01897nam a2200313 a 4500</leader>
  <controlfield tag="001">000034236</controlfield>
  <controlfield tag="005">20200120222224.0</controlfield>
  <controlfield tag="008">080724s2006    sp     er     001 d spa d</controlfield>
  <datafield tag="020" ind1=" " ind2=" ">
    <subfield code="a">8437600928</subfield>
  </datafield>
  <datafield tag="043" ind1=" " ind2=" ">
    <subfield code="a">e-sp---</subfield>
  </datafield>
  <datafield tag="090" ind1=" " ind2=" ">
    <subfield code="a">AT</subfield>
    <subfield code="b">CAL 2006</subfield>
  </datafield>
  <datafield tag="100" ind1="0" ind2=" ">
    <subfield code="a">Calder&#xF3;n de la Barca, Pedro,</subfield>
    <subfield code="d">1600-1681.</subfield>
  </datafield>
  <datafield tag="245" ind1="1" ind2="3">
    <subfield code="a">La vida es sue&#xF1;o /</subfield>
    <subfield code="c">Pedro Calder&#xF3;n de la Barca ; edici&#xF3;n de Ciriaco Mor&#xF3;n ; ilustraci&#xF3;n de cubierta : Manuel Cerezales.</subfield>
  </datafield>
  <datafield tag="250" ind1=" " ind2=" ">
    <subfield code="a">30a. ed.</subfield>
  </datafield>
  <datafield tag="260" ind1=" " ind2=" ">
    <subfield code="a">Barcelona (Espa&#xF1;a) :</subfield>
    <subfield code="b">C&#xE1;tedra,</subfield>
    <subfield code="c">2006.</subfield>
  </datafield>
  <datafield tag="300" ind1=" " ind2=" ">
    <subfield code="a">207 p.</subfield>
  </datafield>
  <datafield tag="490" ind1=" " ind2="0">
    <subfield code="a">Letras hisp&#xE1;nicas</subfield>
    <subfield code="v">85</subfield>
  </datafield>
  <datafield tag="500" ind1=" " ind2=" ">
    <subfield code="a">Incluye &#xED;ndice.</subfield>
  </datafield>
  <datafield tag="504" ind1=" " ind2=" ">
    <subfield code="a">Incluye bibliograf&#xED;a.</subfield>
  </datafield>
  <datafield tag="500" ind1=" " ind2=" ">
    <subfield code="a">Ejs. 1 y 2 de Biblioteca Colegio Chical&#xE1; : Plan Lector 2008. ;</subfield>
    <subfield code="a">Ejs. 1 y 2 de Biblioteca Colegio Ciudadela : Plan Lector, 2009. ;</subfield>
    <subfield code="a">Ejs. 1 y 2 de Biblioteca Icef : Plan Lector, 2009. ;</subfield>
    <subfield code="a">Ejs. 3 y 4 de Biblioteca Colegio Ciudadela : Plan Lector, 2011. ;</subfield>
    <subfield code="a">Ej. 1 y 2 de Biblioparque Funza : 31a. ed. de 2008 con ISBN : 9788437600925.</subfield>
  </datafield>
  <datafield tag="520" ind1="3" ind2=" ">
    <subfield code="a">"He aqu&#xED; la creaci&#xF3;n m&#xE1;s lograda y de car&#xE1;cter m&#xE1;s universal de Calder&#xF3;n. &#xAB;La vida es sue&#xF1;o&#xBB; es, en s&#xED;ntesis, la plasmaci&#xF3;n barroca de la idea de la fugacidad de la vida con todos los aditamentos geniales de construcci&#xF3;n, caracteres y estilo que el autor supo imprimirle. Con este pesimismo radical sobre el valor de la vida humana se interfiere el libre albedr&#xED;o como afirmaci&#xF3;n personal de Segismundo -"&#xBF;y teniendo yo m&#xE1;s vida / tengo menos libertad?"-. Estos dos principios combinados crean una riqueza enorme de sentidos, que en esta edici&#xF3;n son desmenuzados cr&#xED;ticamente por Ciriaco Mor&#xF3;n Arroyo."</subfield>
  </datafield>
  <datafield tag="650" ind1="1" ind2="4">
    <subfield code="a">Teatro adulto.</subfield>
  </datafield>
  <datafield tag="650" ind1="2" ind2="4">
    <subfield code="a">Literatura adulto.</subfield>
  </datafield>
  <datafield tag="650" ind1="2" ind2="4">
    <subfield code="a">Literatura espa&#xF1;ola.</subfield>
  </datafield>
  <datafield tag="650" ind1="2" ind2="4">
    <subfield code="a">Amor en la literatura.</subfield>
  </datafield>
  <datafield tag="650" ind1="2" ind2="4">
    <subfield code="a">Muerte en la literatura.</subfield>
  </datafield>
  <datafield tag="700" ind1="1" ind2=" ">
    <subfield code="a">Mor&#xF3;n, Ciriaco,</subfield>
    <subfield code="e">ed.</subfield>
  </datafield>
  <datafield tag="700" ind1="1" ind2=" ">
    <subfield code="a">Cerezales, Manuel,</subfield>
    <subfield code="e">il.</subfield>
  </datafield>
  <datafield tag="999" ind1=" " ind2=" ">
    <subfield code="c">1948</subfield>
    <subfield code="d">1948</subfield>
  </datafield>
  <datafield tag="952" ind1=" " ind2=" ">
    <subfield code="0">0</subfield>
    <subfield code="1">0</subfield>
    <subfield code="2">ddc</subfield>
    <subfield code="4">0</subfield>
    <subfield code="7">0</subfield>
    <subfield code="8">LA</subfield>
    <subfield code="a">BPMOS</subfield>
    <subfield code="b">BPMOS</subfield>
    <subfield code="d">2020-01-20</subfield>
    <subfield code="i">99717</subfield>
    <subfield code="l">2</subfield>
    <subfield code="o">AT CAL 2006</subfield>
    <subfield code="p">MOS003302</subfield>
    <subfield code="r">2025-04-12</subfield>
    <subfield code="s">2025-03-31</subfield>
    <subfield code="t">ej.1</subfield>
    <subfield code="w">2020-01-20</subfield>
    <subfield code="y">BKLIT</subfield>
    <subfield code="z">Quince d&#xED;as</subfield>
  </datafield>
  <datafield tag="952" ind1=" " ind2=" ">
    <subfield code="0">0</subfield>
    <subfield code="1">0</subfield>
    <subfield code="2">ddc</subfield>
    <subfield code="4">0</subfield>
    <subfield code="7">0</subfield>
    <subfield code="8">LA</subfield>
    <subfield code="a">BPMOS</subfield>
    <subfield code="b">BPMOS</subfield>
    <subfield code="d">2020-01-20</subfield>
    <subfield code="i">99718</subfield>
    <subfield code="l">0</subfield>
    <subfield code="o">AT CAL 2006</subfield>
    <subfield code="p">MOS003314</subfield>
    <subfield code="r">2021-01-05</subfield>
    <subfield code="t">ej.2</subfield>
    <subfield code="w">2020-01-20</subfield>
    <subfield code="y">BKLIT</subfield>
    <subfield code="z">Quince d&#xED;as</subfield>
  </datafield>
  <datafield tag="952" ind1=" " ind2=" ">
    <subfield code="0">0</subfield>
    <subfield code="1">0</subfield>
    <subfield code="2">ddc</subfield>
    <subfield code="4">0</subfield>
    <subfield code="7">0</subfield>
    <subfield code="8">LA</subfield>
    <subfield code="a">BPMOS</subfield>
    <subfield code="b">BPMOS</subfield>
    <subfield code="d">2020-11-18</subfield>
    <subfield code="i">99719</subfield>
    <subfield code="l">1</subfield>
    <subfield code="o">AT CAL 2006</subfield>
    <subfield code="p">MOS012760</subfield>
    <subfield code="r">2024-07-22</subfield>
    <subfield code="s">2024-07-16</subfield>
    <subfield code="t">ej.3</subfield>
    <subfield code="w">2020-11-18</subfield>
    <subfield code="y">BKLIT</subfield>
    <subfield code="z">Quince d&#xED;as</subfield>
  </datafield>
  <datafield tag="952" ind1=" " ind2=" ">
    <subfield code="0">0</subfield>
    <subfield code="1">0</subfield>
    <subfield code="2">ddc</subfield>
    <subfield code="4">0</subfield>
    <subfield code="7">0</subfield>
    <subfield code="8">LA</subfield>
    <subfield code="a">BPMOS</subfield>
    <subfield code="b">BPMOS</subfield>
    <subfield code="d">2022-06-07</subfield>
    <subfield code="e">COMPRA 2022</subfield>
    <subfield code="l">0</subfield>
    <subfield code="o">AT CAL </subfield>
    <subfield code="p">MOS502352</subfield>
    <subfield code="r">2022-06-07</subfield>
    <subfield code="t">ej.4</subfield>
    <subfield code="w">2020-11-18</subfield>
    <subfield code="y">BKLIT</subfield>
    <subfield code="z">Quince d&#xED;as</subfield>
  </datafield>
</record>
